Statistics for Towns in Hong Kong

Click here to take the quiz!

General Stats

  • This quiz has been taken 17 times
  • The average score is 9 of 25

Answer Stats

Answer% Correct
Aberdeen
80%
Cheung Chau
80%
Ma Wan
70%
Tai O
70%
Discovery Bay
60%
Kwun Tong
60%
Peng Chau
60%
Kwu Tung
50%
Mui Wo
50%
Stanley
50%
Lei Yue Mun
40%
Luen Wo Hui
40%
Shek O
40%
Ha Tsuen
30%
Kam Tin
30%
San Tin
30%
Lau Fau Shan
20%
Ping Shan
20%
Sok Kwu Wan
20%
Sham Tseng
10%
Yung Shue Wan
10%
Jardine's Lookout
0%
Sai Kung Town
0%
Sha Tau Kok
0%
Yuen Long Town
0%

Score Distribution

Percentile by Number Answered

Percent of People with Each Score

Your Score History

You have not taken this quiz